<?xml version="1.0" encoding="UTF-8"?><?xml-stylesheet type="text/xsl" href="static/style.xsl"?><OAI-PMH xmlns="http://www.openarchives.org/OAI/2.0/" xmlns:xsi="http://www.w3.org/2001/XMLSchema-instance" xsi:schemaLocation="http://www.openarchives.org/OAI/2.0/ http://www.openarchives.org/OAI/2.0/OAI-PMH.xsd"><responseDate>2026-04-17T17:33:48Z</responseDate><request verb="GetRecord" identifier="oai:www.recercat.cat:20.500.12327/4662" metadataPrefix="marc">https://recercat.cat/oai/request</request><GetRecord><record><header><identifier>oai:recercat.cat:20.500.12327/4662</identifier><datestamp>2025-10-22T11:10:22Z</datestamp><setSpec>com_2072_4428</setSpec><setSpec>com_2072_4427</setSpec><setSpec>col_2072_487898</setSpec></header><metadata><record xmlns="http://www.loc.gov/MARC21/slim" xmlns:dcterms="http://purl.org/dc/terms/" xmlns:xsi="http://www.w3.org/2001/XMLSchema-instance" xmlns:doc="http://www.lyncode.com/xoai" xsi:schemaLocation="http://www.loc.gov/MARC21/slim http://www.loc.gov/standards/marcxml/schema/MARC21slim.xsd">
   <leader>00925njm 22002777a 4500</leader>
   <datafield ind2=" " ind1=" " tag="042">
      <subfield code="a">dc</subfield>
   </datafield>
   <datafield ind2=" " ind1=" " tag="720">
      <subfield code="a">Tous, Núria</subfield>
      <subfield code="e">author</subfield>
   </datafield>
   <datafield ind2=" " ind1=" " tag="720">
      <subfield code="a">Brufau, J.</subfield>
      <subfield code="e">author</subfield>
   </datafield>
   <datafield ind2=" " ind1=" " tag="720">
      <subfield code="a">Pérez-Vendrell, Anna Maria</subfield>
      <subfield code="e">author</subfield>
   </datafield>
   <datafield ind2=" " ind1=" " tag="720">
      <subfield code="a">Vilà, Borja</subfield>
      <subfield code="e">author</subfield>
   </datafield>
   <datafield ind2=" " ind1=" " tag="720">
      <subfield code="a">Francesch, Maria</subfield>
      <subfield code="e">author</subfield>
   </datafield>
   <datafield ind2=" " ind1=" " tag="720">
      <subfield code="a">Torrallardona, David</subfield>
      <subfield code="e">author</subfield>
   </datafield>
   <datafield ind2=" " ind1=" " tag="720">
      <subfield code="a">Castellari, Massimo</subfield>
      <subfield code="e">author</subfield>
   </datafield>
   <datafield ind2=" " ind1=" " tag="720">
      <subfield code="a">Diogène, Jorge</subfield>
      <subfield code="e">author</subfield>
   </datafield>
   <datafield ind2=" " ind1=" " tag="720">
      <subfield code="a">Viñas, Marc</subfield>
      <subfield code="e">author</subfield>
   </datafield>
   <datafield ind2=" " ind1=" " tag="720">
      <subfield code="a">Castell, V.</subfield>
      <subfield code="e">author</subfield>
   </datafield>
   <datafield ind2=" " ind1=" " tag="720">
      <subfield code="a">Vicente, E.</subfield>
      <subfield code="e">author</subfield>
   </datafield>
   <datafield ind2=" " ind1=" " tag="720">
      <subfield code="a">Badiola, Ignacio</subfield>
      <subfield code="e">author</subfield>
   </datafield>
   <datafield ind2=" " ind1=" " tag="720">
      <subfield code="a">Esteve-Garcia, Enric</subfield>
      <subfield code="e">author</subfield>
   </datafield>
   <datafield ind2=" " ind1=" " tag="260">
      <subfield code="c">2016-02-26</subfield>
   </datafield>
   <datafield ind2=" " ind1=" " tag="520">
      <subfield code="a">Technological feed additives are intended to improve or favourably affect the characteristics of feed&#xd;
but have generally no direct biological effect on animal production. The authorisation procedure for&#xd;
feed additives including technological additives is established by Regulation (EC) No 1831/2003.&#xd;
Article 10 of the Regulation sets the principles of the re-evaluation of feed additives which are already&#xd;
on the market in the EU and/or which were authorised under the previous regulatory framework. The&#xd;
aim of the re-evaluation is to ensure that all feed additives in the EU market are evaluated under the&#xd;
same safety standards taking into consideration the most recent data. The scientific evaluation is&#xd;
carried out by the Scientific Panel on Additives and Products or Substances used in Animal Feed of the&#xd;
European Food Safety Authority with the support of the FEED Unit. The evaluation is based on the&#xd;
data contained in the dossiers submitted for the re-evaluation. In 2013 EFSA launched a procurement&#xd;
call for the provision of summary data sheets as part of the preparatory work with regard to the reevaluation of technological feed additives. The analysis of the data contained in the dossiers focused&#xd;
on the identification of gaps between the available information and the data requirements set in the&#xd;
applicable legislation and guidance documents. During the second year of the framework contract, 14&#xd;
dossiers were analysed with respect to the requirements for technological additives. Fourteen&#xd;
summary data sheets and 8 lists of missing information were elaborated in line with EFSA’s&#xd;
requirements. With regard to the completeness of the information, gaps have been identified in all&#xd;
three main sections (identity, safety and efficacy) in all of the dossiers reviewed. Such gaps might&#xd;
delay the evaluation process preventing risk assessors to conclude on all aspects of the safety and&#xd;
efficacy of the additives.</subfield>
   </datafield>
   <datafield ind1="8" ind2=" " tag="024">
      <subfield code="a">Tous, N., J. Brufau, A. Pérez‐Vendrell, B. Vilà, M. Francesch, D. Torrallardona, M. Castellari, et al. 2016. “Preparatory Work to Support the Re‐evaluation of Technological Feed Additives (OC/EFSA/FEED/2013/01).” EFSA Supporting Publications 13 (2): 1001E. doi: 10.2903/sp.efsa.2016.en-1001</subfield>
   </datafield>
   <datafield ind1="8" ind2=" " tag="024">
      <subfield code="a">2397-8325</subfield>
   </datafield>
   <datafield ind1="8" ind2=" " tag="024">
      <subfield code="a">http://hdl.handle.net/20.500.12327/4662</subfield>
   </datafield>
   <datafield ind1="8" ind2=" " tag="024">
      <subfield code="a">https://doi.org/10.2903/sp.efsa.2016.EN-1001</subfield>
   </datafield>
   <datafield ind2="0" ind1="0" tag="245">
      <subfield code="a">Preparatory work to support the re-evaluation of technological feed additives</subfield>
   </datafield>
</record></metadata></record></GetRecord></OAI-PMH>